LEADER 03533nam 22006495 450 001 9911049117103321 005 20260102120757.0 010 $a3-032-01745-9 024 7 $a10.1007/978-3-032-01745-1 035 $a(MiAaPQ)EBC32470253 035 $a(Au-PeEL)EBL32470253 035 $a(CKB)44768765100041 035 $a(OCoLC)1568052499 035 $a(DE-He213)978-3-032-01745-1 035 $a(EXLCZ)9944768765100041 100 $a20260102d2025 u| 0 101 0 $aeng 135 $aurcnu|||||||| 181 $ctxt$2rdacontent 182 $cc$2rdamedia 183 $acr$2rdacarrier 200 10$aBiocompatible Nanomaterials for Smart Sensors $eEnvironmental and Biomedical Applications /$fedited by Ramachandra Naik, H P Nagaswarupa, Ganesh Koyyada, K G Basava Kumar 205 $a1st ed. 2025. 210 1$aCham :$cSpringer Nature Switzerland :$cImprint: Springer,$d2025. 215 $a1 online resource (0 pages) 225 1 $aNanostructure Science and Technology,$x2197-7976 311 08$a3-032-01744-0 327 $aIntroduction to Biocompatible Nanomaterials -- Introduction to Multifunctional Sensors -- Synthesis of Biocompatible Nanomaterials -- Characterization Techniques of Biocompatible Nanomaterials -- Green Synthesized Nanocomposites for Mercury Lead and Cadmium Detection -- Challenges and Future Directions in Heavy Metal Ion Sensing -- Nanomaterials for Uric Acid Urea and Creatinine Sensing -- AI and IoT Integration in Biomolecular Sensing Systems -- Eco friendly Synthesis of Nanomaterials for Pesticide Sensing -- Field Deployable Pesticide Sensors Innovations and Challenges -- Nanostructured Electrochemical Sensors for Antibiotic Detection -- Biocompatible Nanomaterials Based Sensors for Environmental and Biomedical Applications -- Summary Real world Applications Commercialization and Scalabilty. 330 $aThis contributed volume explores the synthesis, characterization, and application of biocompatible nanomaterials for multifunctional sensor technologies, covering detection systems for heavy metal ions, biomolecules, pesticides, and pharmaceutical drugs. It integrates cutting-edge approaches, including AI and IoT, to enhance sensor performance, alongside discussions on green synthesis, real-world applications, commercialization, and scalability. A valuable resource for researchers, engineers, and professionals in nanotechnology, biosensing, environmental monitoring, and healthcare diagnostics, this book bridges fundamental concepts with innovative advancements in sustainable and high-performance sensing solutions. 410 0$aNanostructure Science and Technology,$x2197-7976 606 $aMaterials$xAnalysis 606 $aMaterials 606 $aDetectors 606 $aNanochemistry 606 $aChemistry 606 $aMaterials Characterization Technique 606 $aSensors and biosensors 606 $aNanochemistry 606 $aMaterials Chemistry 615 0$aMaterials$xAnalysis. 615 0$aMaterials. 615 0$aDetectors. 615 0$aNanochemistry. 615 0$aChemistry. 615 14$aMaterials Characterization Technique. 615 24$aSensors and biosensors. 615 24$aNanochemistry. 615 24$aMaterials Chemistry. 676 $a620.112 700 $aNaik$b Ramachandra$01767692 801 0$bMiAaPQ 801 1$bMiAaPQ 801 2$bMiAaPQ 906 $aBOOK 912 $a9911049117103321 996 $aBiocompatible Nanomaterials for Smart Sensors$94522462 997 $aUNINA LEADER 05313nam 22007455 450 001 9910872197503321 005 20260306105630.0 010 $a9783031583704 010 $a3031583701 024 7 $a10.1007/978-3-031-58370-4 035 $a(MiAaPQ)EBC31518248 035 $a(Au-PeEL)EBL31518248 035 $a(CKB)32658262200041 035 $a(DE-He213)978-3-031-58370-4 035 $a(MiAaPQ)EBC31521810 035 $a(Au-PeEL)EBL31521810 035 $a(EXLCZ)9932658262200041 100 $a20240704d2024 u| 0 101 0 $aeng 135 $aurcnu|||||||| 181 $ctxt$2rdacontent 182 $cc$2rdamedia 183 $acr$2rdacarrier 200 10$aReimagining Mental Health and Addiction Under the Covid-19 Pandemic, Volume 3 $eThe Covid-19 Pandemic, Mental Health, and Colonialism /$fedited by Dionisio Nyaga, Rose Ann Torres 205 $a1st ed. 2024. 210 1$aCham :$cSpringer Nature Switzerland :$cImprint: Springer,$d2024. 215 $a1 online resource (57 pages) 225 1 $aSpringerBriefs in Advances in Mental Health and Addiction,$x2948-2232 311 08$a9783031583698 311 08$a3031583698 320 $aIncludes bibliographical references and index. 327 $a1. The Impact of Covid-19 On African Students Mental Health and Educational Performance In Canada- A Case Study Of Algoma University Ontario Canada -- 2. COVID-19 & Filipinos in Canada: Mental Health Care Praxis -- 3. Narrative Resistance: Peer Supporters Experiences of Co-optation, Isolation, and Exploitation in Addiction Services and its Impact on Their Wholistic Health -- 4. Disrupting Truth in Theory Production in the Shadow of COVID 19 -- 5. Psychiatric Consumers and Survivors? (Lackluster) Engagement with Indigeneity, Diversity, and Anti-Racist Thought -- 6. Kalusugan at Mamayan: Exploring Filipino Mental Health Challenges -- 7. Decolonizing Notions of Empathy: Building Communities of Care. 330 $aThis edited collection is a follow-up to Algoma University's inaugural conference on mental health and addiction held at the Brampton campus in Ontario, Canada. We live in a society where many marginalized communities continue to bear a historically disproportionate burden on their psychological, mental, and economic well-being, especially under the Covid-19 pandemic. Covid-19 has had a continuing impact on marginalized and racialized communities at all levels. We are now witnessing the compounded effects in the form of a worsening mental health and addiction crisis and its subsequent impact on children's education, service delivery, and overall psychosocial well-being. Covid-19 has widened the gap and increased poverty disparities between high-income and low-income individuals. Furthermore, it has affected the psychosocial resilience of people. As communities of scholars, practitioners, and researchers, we have a responsibility to address these existential issues in ways that are ethical and transformative. This type of engagement should help mitigate the consequences of the pandemic in an intersectional manner. These conversations should assist us in understanding and addressing the trauma and suffering that marginalized communities and individuals continue to endure. Together, we can work to find answers to mental health and addiction challenges, while valuing people's histories and realities within this intersectional engagement. This book aims to redefine psychiatric discourse in the age of the pandemic and encourage us to imagine how the world can be reformed in ways that are both ethical and political. It has the potential to shed light on the values and realities of communities in discussions of medical sociology, particularly concerning the impact of Covid-19 on marginalized communities. This book is structured into three volumes. Volume one delves into the repercussions of the COVID-19 pandemic on the mental health of various ethnic groups. Volume two specifically addresses the impact of the pandemic on the mental health of Afro-Black individuals. Volume three explores the connections between the COVID-19 pandemic, psychological well-being, and colonialism. 410 0$aSpringerBriefs in Advances in Mental Health and Addiction,$x2948-2232 606 $aPsychology 606 $aMental health 606 $aSocial service 606 $aBehavioral Sciences and Psychology 606 $aMental Health 606 $aSocial Work 606 $aSalut mental$2thub 606 $aDrogoaddicció$2thub 606 $aPandèmia de COVID-19, 2020-2023$2thub 606 $aColonialisme$2thub 608 $aLlibres electrònics$2thub 615 0$aPsychology. 615 0$aMental health. 615 0$aSocial service. 615 14$aBehavioral Sciences and Psychology. 615 24$aMental Health. 615 24$aSocial Work. 615 7$aSalut mental 615 7$aDrogoaddicció 615 7$aPandèmia de COVID-19, 2020-2023. 615 7$aColonialisme 676 $a616.2414 702 $aNyaga$b Dionisio 702 $aTorres$b Rose Ann 801 0$bMiAaPQ 801 1$bMiAaPQ 801 2$bMiAaPQ 906 $aBOOK 912 $a9910872197503321 996 $aReimagining Mental Health and Addiction under the Covid-19 Pandemic, Volume 3$94174049 997 $aUNINA